Cities and technologies
সংরক্ষণ করুন:
| বিন্যাস: | গ্রন্থ |
|---|---|
| ভাষা: | Undetermined |
| প্রকাশিত: |
Paris
OECD
1992
|
| বিষয়গুলি: | |
| ট্যাগগুলো: |
ট্যাগ যুক্ত করুন
কোনো ট্যাগ নেই, প্রথমজন হিসাবে ট্যাগ করুন!
|
| Thư viện lưu trữ: | Trung tâm Học liệu Trường Đại học Cần Thơ |
|---|
| LEADER | 00382nam a2200157Ia 4500 | ||
|---|---|---|---|
| 001 | CTU_78079 | ||
| 008 | 210402s9999 xx 000 0 und d | ||
| 082 | |a 307.76 | ||
| 082 | |b C581 | ||
| 245 | 0 | |a Cities and technologies | |
| 245 | 0 | |c OECD | |
| 260 | |a Paris | ||
| 260 | |b OECD | ||
| 260 | |c 1992 | ||
| 650 | |a Urban policy | ||
| 980 | |a Trung tâm Học liệu Trường Đại học Cần Thơ | ||